000 00716nam a2200217Ia 4500
001 10692
003 GE_BSU
008 181216s||||||||xx |||||||||||||| ||und||
040 _cGE_BSU
080 _a821.353.1-1
100 _aფოცხიშვილი,მორის
245 _aსიჭაბუკევ შენთან ერთად.
245 _bლექსები.
245 _cრედ.მ.არაბული;მხატვ.ი.თავბერიძე
260 _aთბილისი.
260 _bნაკადული.
260 _c1974.
300 _a143გვ;16სმ.
653 _aსიჭაბუკევ შენთან ერთად.
942 _cBK
999 _c43943
_d43943